Environmental engineering (Record no. 5357)

000 -LEADER
fixed length control field 00678nam a2200241 4500
001 - CONTROL NUMBER
control field 5357
003 - CONTROL NUMBER IDENTIFIER
control field BD-DhUET
008 - FIXED-LENGTH DATA ELEMENTS--GENERAL INFORMATION
fixed length control field 141126b xxu||||| |||| 00| 0 eng d
020 ## - INTERNATIONAL STANDARD BOOK NUMBER
International Standard Book Number 0071002316
040 ## - CATALOGING SOURCE
Transcribing agency 0
Modifying agency BD-DhUET
082 ## - DEWEY DECIMAL CLASSIFICATION NUMBER
Classification number 628
Item number PEA/1985
100 ## - MAIN ENTRY--PERSONAL NAME
Personal name Peavy, Howard S
245 ## - TITLE STATEMENT
Title Environmental engineering
250 ## - EDITION STATEMENT
Edition statement 1st ed.
260 ## - PUBLICATION, DISTRIBUTION, ETC. (IMPRINT)
Place of publication, distribution, etc. New york
Name of publisher, distributor, etc. McGraw-Hill
Date of publication, distribution, etc. 1985
300 ## - PHYSICAL DESCRIPTION
Extent xiv,699 p.+various paging
Other physical details ill.
490 ## - SERIES STATEMENT
Series statement McGraw-Hill series in water resources and environmental engineering
504 ## - BIBLIOGRAPHY, ETC. NOTE
Bibliography, etc Includes bibliographies
650 #0 - SUBJECT ADDED ENTRY--TOPICAL TERM
Topical term or geographic name as entry element Environmental engineering
700 ## - ADDED ENTRY--PERSONAL NAME
Personal name Rowe, Donald R.
700 ## - ADDED ENTRY--PERSONAL NAME
Personal name Tchobanoglous, George
942 ## - ADDED ENTRY ELEMENTS (KOHA)
Koha item type General Book
Holdings
Copy number Location (home branch) Piece designation (barcode) Koha renewals Koha normalized classification for sorting Koha item type Price effective from Shelving location Damaged status Lost status Not for loan Source of classification or shelving scheme Koha date last seen Sublocation or collection (holding branch) Koha issues (times borrowed) Date acquired Koha full call number Koha date last borrowed Withdrawn status
1Central Library, BUET81896 628PEA1985General Book2014-11-26Circulation section    2024-09-08Central Library, BUET92014-11-26628/PEA/19852023-12-10 
2Central Library, BUET81895 628PEA1985General Book2014-11-26Circulation section    2024-06-02Central Library, BUET102014-11-26628/PEA/19852024-03-16 
3Central Library, BUET88788 628_000000000000000_PEA_1985Reading Item2015-06-18Reading section    2015-06-18Central Library, BUET 2015-06-18628/PEA/1985  
4Central Library, BUET87579 628_000000000000000_PEA_1985Reading Item2015-06-18Reading section    2015-06-18Central Library, BUET 2015-06-18628/PEA/1985  
5Central Library, BUET81894 628_000000000000000_PEA_1985General Book2017-10-31Circulation section    2021-11-13Central Library, BUET21991-10-28628/PEA/19852020-03-16 
ক-৫১Central Library, BUET81847 628_000000000000000_PEA_1985Rental Item2024-12-01Rental section    2024-12-01Central Library, BUET 1991-10-28628 PEA/1985  
ক-৭৮Central Library, BUET81874 628_000000000000000_PEA_1985Rental Item2024-12-01Rental section    2024-12-01Central Library, BUET 1991-10-28628 PEA/1985  
ক-৭৯Central Library, BUET81875 628_000000000000000_PEA_1985Rental Item2024-12-01Rental section    2024-12-01Central Library, BUET 1991-10-28628 PEA/1985  
ক-৮০Central Library, BUET81876 628_000000000000000_PEA_1985Rental Item2024-12-01Rental section    2024-12-01Central Library, BUET 1991-10-28628 PEA/1985  
ক-৮১Central Library, BUET81877 628_000000000000000_PEA_1985Rental Item2024-12-01Rental section    2024-12-01Central Library, BUET 1991-10-28628 PEA/1985  
ক-৮২Central Library, BUET81878 628_000000000000000_PEA_1985Rental Item2024-12-01Rental section    2024-12-01Central Library, BUET 1991-10-28628 PEA/1985  
ক-৮৩Central Library, BUET81879 628_000000000000000_PEA_1985Rental Item2024-12-01Rental section    2024-12-01Central Library, BUET 1991-10-28628 PEA/1985  
ক-৮৪Central Library, BUET81880 628_000000000000000_PEA_1985Rental Item2024-12-01Rental section    2024-12-01Central Library, BUET 1991-10-28628 PEA/1985  
ক-৮৫Central Library, BUET81881 628_000000000000000_PEA_1985Rental Item2024-12-01Rental section    2024-12-01Central Library, BUET 1991-10-28628 PEA/1985  
ক-৮৬Central Library, BUET81882 628_000000000000000_PEA_1985Rental Item2024-12-01Rental section    2024-12-01Central Library, BUET 1991-10-28628 PEA/1985  
ক-৮৭Central Library, BUET81883 628_000000000000000_PEA_1985Rental Item2024-12-01Rental section    2024-12-01Central Library, BUET 1991-10-28628 PEA/1985  
ক-৮৭Central Library, BUET81884 628_000000000000000_PEA_1985Rental Item2024-12-01Rental section    2024-12-01Central Library, BUET 1991-10-28628 PEA/1985